| 000 | 00669cam a22001934a 4500 | ||
|---|---|---|---|
| 005 | 20250605164346.0 | ||
| 008 | 250528s ||||||||||||||||||||||||d | ||
| 035 | _a23879 | ||
| 040 |
_aGR-AtMCL _bgre _dGR-AtMCL _eAACR2 |
||
| 245 | 1 | _aIn Search of Equality / Same-Sex Marriage and Psychology | |
| 260 | _c2005 | ||
| 300 | _a71 | ||
| 520 | _aHow Voters Decide, Childhood Obesity, Vanuatu, Couch Kids - Myth or Reality?, Fed Up and Friendless?, Serving up Trouble? Advertising Food to Children, Psychology in Vanuatu. | ||
| 700 | 1 |
_aSutton Jon _99351 |
|
| 942 | _cCR | ||
| 710 | 2 |
_aThe British Psychological Society _99823 |
|
| 999 |
_c8797 _d8797 |
||